Self-Mention in the Academic Discourse of ELF Writers
Angličtina sa pevne etablovala ako lingua franca (ELF) v medzinárodnoma akademickom prostredí. V tejto korpusovej štúdii je analyzovaný trojrozmerný model sebamenovania a je aplikovaný pri analýze sebauvádzania korpusu nepublikovaných výskumných článkov napísaných používateľmi ELF.
Na minha lista:
| Autor principal: | |
|---|---|
| Formato: | Capítulo de Livro |
| Idioma: | inglês |
| Assuntos: | |
| Tags: |
Sem tags, seja o primeiro a adicionar uma tag!
|
MARC
| LEADER | 00000naa a2200000 4500 | ||
|---|---|---|---|
| 001 | 0281862 | ||
| 005 | 20220211130914.8 | ||
| 041 | 0 | |a eng | |
| 044 | |a PL | ||
| 245 | 1 | 0 | |a Self-Mention in the Academic Discourse of ELF Writers |c Monika Maňáková |
| 520 | |a Angličtina sa pevne etablovala ako lingua franca (ELF) v medzinárodnoma akademickom prostredí. V tejto korpusovej štúdii je analyzovaný trojrozmerný model sebamenovania a je aplikovaný pri analýze sebauvádzania korpusu nepublikovaných výskumných článkov napísaných používateľmi ELF. | ||
| 610 | 2 | 0 | |a jazyky cudzie |
| 610 | 2 | 0 | |a jazykoveda |
| 610 | 2 | 0 | |a diskusia |
| 610 | 2 | 0 | |a literatúra |
| 100 | 1 | |a Maňáková, Monika | |